00405 a2200133 4500020001500000040001300015100002400028245006500052260007500117300001300192650002200205650002800227700001600255 a0898713617 aDLCbDLC1 aTrefethen, Lloyd N.10aNumerical linear algebracLloyd N. Trefethen, David Bau III. aPhiladelphia :bSociety for Industrial and Applied Mathematics,c1997. a361 p. : 0aAlgebras, Linear. 0aNumerical calculations.1 aBau, David.